000 00329nam a2200133Ia 4500
005 20260328104310.0
008 260328s9999||||xx |||||||||||||| ||und||
100 _aDavis, Jeff
245 0 _aFoundations Of Design /
_cJeff Davis
260 _bTempe Digital
300 _a131 p.
650 _aFUNDAMENTO DE DISEÑO
942 _cBK
999 _c10923
_d10923